<?xml version="1.0" encoding="UTF-8"?><?xml-stylesheet type="text/xsl" href="static/style.xsl"?><OAI-PMH xmlns="http://www.openarchives.org/OAI/2.0/" xmlns:xsi="http://www.w3.org/2001/XMLSchema-instance" xsi:schemaLocation="http://www.openarchives.org/OAI/2.0/ http://www.openarchives.org/OAI/2.0/OAI-PMH.xsd"><responseDate>2026-04-13T01:34:40Z</responseDate><request verb="GetRecord" identifier="oai:www.recercat.cat:2072/407845" metadataPrefix="marc">https://recercat.cat/oai/request</request><GetRecord><record><header><identifier>oai:recercat.cat:2072/407845</identifier><datestamp>2025-04-27T00:48:10Z</datestamp><setSpec>com_2072_98</setSpec><setSpec>col_2072_378192</setSpec></header><metadata><record xmlns="http://www.loc.gov/MARC21/slim" xmlns:dcterms="http://purl.org/dc/terms/" xmlns:xsi="http://www.w3.org/2001/XMLSchema-instance" xmlns:doc="http://www.lyncode.com/xoai" xsi:schemaLocation="http://www.loc.gov/MARC21/slim http://www.loc.gov/standards/marcxml/schema/MARC21slim.xsd">
   <leader>00925njm 22002777a 4500</leader>
   <datafield ind2=" " ind1=" " tag="042">
      <subfield code="a">dc</subfield>
   </datafield>
   <datafield ind2=" " ind1=" " tag="720">
      <subfield code="a">Tomàs i Folch, Marina</subfield>
      <subfield code="e">author</subfield>
   </datafield>
   <datafield ind2=" " ind1=" " tag="720">
      <subfield code="a">Mentado, Trinidad</subfield>
      <subfield code="e">author</subfield>
   </datafield>
   <datafield ind2=" " ind1=" " tag="720">
      <subfield code="a">Ruiz Ruiz, José María</subfield>
      <subfield code="e">author</subfield>
   </datafield>
   <datafield ind2=" " ind1=" " tag="260">
      <subfield code="c">2015</subfield>
   </datafield>
   <datafield ind2=" " ind1=" " tag="520">
      <subfield code="a">El artículo presenta algunos resultados de la investigación (EDU2011-26437) cuya finalidad es averiguar la relación entre todo aquello que envuelve la investigación en la universidad (gestión, promoción, visibilidad, etc.) y el puesto que dicha universidad tiene en los rankings internacionales más reconocidos. En concreto, se presentan en este artículo las buenas prácticas de gobierno y gestión de las universidades en relación a la investigación. Se tomaron las cinco universidades españolas mejor situadas en los rankings internacionales entre los años 2003 y 2013 y se averiguó cómo se concibe la investigación. Se ha entrevistado a 43 personas vinculadas con la gestión de la investigación de forma general y del equipo rectoral, investigadores de reconocido prestigio y miembros de los equipos de investigación. El análisis cualitativo de la información mediante MAXQDA nos conduce a las siguientes conclusiones. Las universidades mejores posicionadas en los rankings ejecutan buenas prácticas tales como el apoyo institucional a la investigación en forma de estructuras cuya finalidad es promover la investigación y cuentan con abundantes becarios/as, con redes de transferencia, con sistemas de apoyo a la publicación, a la presentación de proyectos y a la visibilización de los resultados exitosos</subfield>
   </datafield>
   <datafield tag="653" ind2=" " ind1=" ">
      <subfield code="a">Universidad</subfield>
   </datafield>
   <datafield tag="653" ind2=" " ind1=" ">
      <subfield code="a">Organización de la investigación</subfield>
   </datafield>
   <datafield tag="653" ind2=" " ind1=" ">
      <subfield code="a">Investigación cualitativa</subfield>
   </datafield>
   <datafield ind2="0" ind1="0" tag="245">
      <subfield code="a">Las buenas prácticas en la gestión de la investigación de las universidades mejores situadas en los rankings</subfield>
   </datafield>
</record></metadata></record></GetRecord></OAI-PMH>